Saasi Panou ./ (Record no. 526805)

000 -LEADER
fixed length control field 00426nam a22001697a 4500
003 - CONTROL NUMBER IDENTIFIER
control field NUST
038 ## - RECORD CONTENT LICENSOR
Staff Name waseem
082 ## - DEWEY DECIMAL CLASSIFICATION NUMBER
Classification number 891.421
Author Mark Sha
100 ## - MAIN ENTRY--PERSONAL NAME
Personal name Sha, Hashim
9 (RLIN) 17802
245 ## - TITLE STATEMENT
Title Saasi Panou ./
Statement of responsibility, etc. Hashim Shah
260 ## - PUBLICATION, DISTRIBUTION, ETC.
Place of publication, distribution, etc. Islamabad :
Name of publisher, distributor, etc. Green light Printers,
Date of publication, distribution, etc. 2002.
300 ## - PHYSICAL DESCRIPTION
Extent 240 p. ;
500 ## - GENERAL NOTE
General note Hardcover.
880 ## - ALTERNATE GRAPHIC REPRESENTATION
Linkage 100-01\r
Title ہاشم شاہ
880 ## - ALTERNATE GRAPHIC REPRESENTATION
Linkage 245-02\r
Title سسی پنوں /
942 ## - ADDED ENTRY ELEMENTS (KOHA)
Source of classification or shelving scheme
Koha item type Book
Holdings
Withdrawn status Lost status Source of classification or shelving scheme Damaged status Not for loan Permanent Location Current Location Shelving location Date acquired Total Checkouts Full call number Barcode Date last seen Price effective from Koha item type
          Central Library (CL) Central Library (CL) Book Cart 07/16/2019   891.421 Sha CL-E-1023 07/16/2019 07/16/2019 Book
© 2023 Central Library, National University of Sciences and Technology. All Rights Reserved.